|
|
|
|
| LEADER |
00701cam a2200193 7i4500 |
| 001 |
0000004164 |
| 005 |
20170218090000.0 |
| 020 |
|
|
|a 0471079820 (hbk. ; vol. 2)
|
| 020 |
|
|
|a 9780471079828
|
| 090 |
0 |
0 |
|a HG4963
|b .L57 2002
|
| 100 |
1 |
|
|a Lerner, Joshua
|
| 245 |
1 |
0 |
|a Venture capital and private equity :
|b a casebook
|c Josh Lerner, Felda Hardymon.
|
| 260 |
|
|
|a New York:
|b John Wiley & Sons, Inc.,
|c 2002.
|
| 300 |
|
|
|a 2v.:
|b ill.;
|c 26 cm.
|
| 504 |
|
|
|a Includes bibliographical references and index
|
| 650 |
0 |
0 |
|a Venture capital --
|z United States
|
| 650 |
0 |
0 |
|a Capital investments --
|z United States
|
| 997 |
|
|
|a Business & Accountancy, Faculty
|
| 999 |
|
|
|a 0000003799
|b BOK
|c OPEN SHELF
|e 1st Floor, Shah Alam
|